[Event "Barcelona Sant Marti op-A 25th"]
[Site "Barcelona"]
[Date "2025.07.15"]
[Round "3"]
[White "Dahale, Atul"]
[Black "Degardin, Sylvain"]
[Result "1-0"]
[WhiteElo "2101"]
[BlackElo "2329"]
[PlyCount "81"]
[EventDate "2025.07.13"]
[EventType "swiss"]
[EventRounds "9"]
[EventCountry "ESP"]
[SourceTitle "CB30_2025"]
[SourceDate "2025.07.23"]
[SourceVersion "1"]
[SourceVersionDate "2025.07.23"]
[SourceQuality "1"]

1. e4 e5 2. Nf3 Nc6 3. Bc4 Nf6 4. d3 Be7 5. 0-0 0-0 6. c3 d5 7. exd5 Nxd5 8. Re1 Bg4 9. h3 Bh5 10. Nbd2 Nb6 11. Bb5 Bd6 12. Ne4 f5 13. Ng3 Bxf3 14. Qxf3 Qd7 15. Bd2 Rae8 16. Rad1 a6 17. Bxc6 bxc6 18. c4 c5 19. b3 Qf7 20. Bc3 Re6 21. Re2 Nd7 22. Rde1 g5 23. Nh5 Qg6 24. g4 e4 25. dxe4 fxe4 26. Qg2 Rf3 27. Rxe4 Rxe4 28. Qxf3 Rxe1+ 29. Bxe1 Ne5 30. Qd5+ Kf8 31. Bc3 Qb1+ 32. Kg2 Ng6 33. Bg7+ Ke7 34. Bf6+ Kf8 35. Bxg5 Ne5 36. Nf6 Qg6 37. Qe6 h6 38. Nd7+ Kg7 39. Bf6+ Kh7 40. Nxe5 Qe4+ 41. Kg3 1-0

[Event "Wroclaw op-A"]
[Site "Wroclaw"]
[Date "2024.08.14"]
[Round "9"]
[White "Dahale, Atul"]
[Black "Zieba, Hubert"]
[Result "1/2-1/2"]
[WhiteElo "2127"]
[BlackElo "2080"]
[PlyCount "111"]
[EventDate "2024.08.08"]
[EventType "swiss"]
[EventRounds "9"]
[EventCountry "POL"]
[SourceTitle "EXT 2025"]
[Source "ChessBase"]
[SourceDate "2024.10.14"]
[SourceVersion "1"]
[SourceVersionDate "2024.10.14"]
[SourceQuality "1"]

1. d4 d5 2. Nf3 Nf6 3. c4 c6 4. Nc3 a6 5. a4 e6 6. Bg5 Be7 7. e3 a5 8. Bd3 Na6 9. 0-0 Nb4 10. b3 0-0 11. Re1 b6 12. Ne5 Nd7 13. Bxe7 Qxe7 14. Nxd7 Bxd7 15. e4 dxc4 16. bxc4 Rad8 17. Rc1 Bc8 18. Bb1 Ba6 19. Ne2 e5 20. d5 cxd5 21. cxd5 Rc8 22. Ng3 Rxc1 23. Qxc1 Rc8 24. Nf5 Qf6 25. Qe3 g6 26. Qh6 Re8 27. g4 Bc8 28. g5 Qh8 29. Nd6 Rd8 30. Rc1 Bd7 31. Rc7 Qg7 32. Qxg7+ Kxg7 33. Nc4 Bxa4 34. Nxb6 Bb3 35. Nd7 a4 36. Nc5 Rb8 37. d6 Rd8 38. d7 Kf8 39. Nb7 Ke7 40. Nxd8 Kxd8 41. Rb7 Na6 42. Kf1 Nc7 43. Ke1 Kxd7 44. Kd2 Kc6 45. Rb8 Ne6 46. h4 Nd4 47. Kc3 Nf3 48. Bd3 Nxh4 49. Be2 Ng2 50. Bb5+ Kd6 51. Kb4 Nf4 52. Rd8+ Ke7 53. Re8+ Kd6 54. Rd8+ Ke7 55. Re8+ Kd6 56. Rd8+ 1/2-1/2

[Event "Wroclaw op-A"]
[Site "Wroclaw"]
[Date "2024.08.12"]
[Round "7"]
[White "Dahale, Atul"]
[Black "Stepinski, Piotr"]
[Result "1-0"]
[WhiteElo "2127"]
[BlackElo "2041"]
[PlyCount "147"]
[EventDate "2024.08.08"]
[EventType "swiss"]
[EventRounds "9"]
[EventCountry "POL"]
[SourceTitle "EXT 2025"]
[Source "ChessBase"]
[SourceDate "2024.10.14"]
[SourceVersion "1"]
[SourceVersionDate "2024.10.14"]
[SourceQuality "1"]

1. d4 d6 2. Nf3 g6 3. e4 Nf6 4. Nc3 Bg7 5. h3 c6 6. a4 0-0 7. Be2 Nbd7 8. 0-0 Qc7 9. Be3 e5 10. Qd2 Re8 11. dxe5 dxe5 12. Rfd1 Nf8 13. Qd6 Qxd6 14. Rxd6 Ne6 15. Rdd1 Nd7 16. Bc4 Ndf8 17. Rd2 Nc7 18. a5 Be6 19. Bf1 h6 20. Rad1 f5 21. Bc5 fxe4 22. Nxe4 Bd5 23. Nd6 Reb8 24. Nc4 Re8 25. Nfxe5 Rxe5 26. Bd6 Re4 27. Bxc7 Bxc4 28. f3 Rh4 29. Bg3 Bxf1 30. Bxh4 Bc4 31. b3 Ba6 32. Rd8 Rxd8 33. Rxd8 Kf7 34. Bf2 Bc3 35. Bc5 Ne6 36. Rd7+ Kf6 37. Be7+ Ke5 38. Bd6+ Kf6 39. f4 Bxa5 40. g4 Nd4 41. Be5+ Ke6 42. Rd6+ Ke7 43. Kg2 Ne6 44. f5 gxf5 45. gxf5 Ng5 46. Rxh6 Nf7 47. Re6+ Kd7 48. Bd4 Bd8 49. Kg3 Nd6 50. Kg4 Bf1 51. Re1 Bg2 52. Be5 Nf7 53. Bg7 Nd6 54. Be5 Nf7 55. Bf4 c5 56. h4 Be7 57. Re3 b5 58. Kh5 c4 59. Kg6 Bd5 60. bxc4 bxc4 61. f6 Bc5 62. Re1 a5 63. c3 a4 64. Kg7 a3 65. h5 Kc6 66. Bc1 a2 67. Bb2 Bf2 68. Ra1 Bh4 69. Rxa2 Kb5 70. Ra7 Nd6 71. f7 Bxf7 72. Rxf7 Nxf7 73. Kxf7 Bg5 74. Ba3 1-0

[Event "Kavala op-A 33rd"]
[Site "Kavala"]
[Date "2024.07.29"]
[Round "1"]
[White "Xiao, Tong"]
[Black "Dahale, Atul"]
[Result "1/2-1/2"]
[WhiteElo "2518"]
[BlackElo "2169"]
[PlyCount "135"]
[EventDate "2024.07.29"]
[EventType "swiss"]
[EventRounds "9"]
[EventCountry "GRE"]
[SourceTitle "EXT 2025"]
[Source "ChessBase"]
[SourceDate "2024.10.14"]
[SourceVersion "1"]
[SourceVersionDate "2024.10.14"]
[SourceQuality "1"]

1. e4 c5 2. Nf3 d6 3. d4 cxd4 4. Nxd4 Nf6 5. Nc3 a6 6. Bd3 e5 7. Nde2 Be7 8. 0-0 0-0 9. Ng3 Be6 10. Nd5 Nbd7 11. Be3 Rc8 12. c4 Ng4 13. Bd2 Bg5 14. h3 Bxd2 15. Qxd2 Bxd5 16. exd5 Nh6 17. Ne4 Qe7 18. Ng5 f5 19. Ne6 Rf6 20. f4 Nf8 21. Ng5 e4 22. Be2 Nf7 23. Nxf7 Rxf7 24. b4 Nd7 25. Rac1 b6 26. a4 Nb8 27. Kh2 Qa7 28. g4 a5 29. c5 bxc5 30. bxa5 Nd7 31. gxf5 Ra8 32. f6 Qxa5 33. Qxa5 Rxa5 34. Bg4 Nxf6 35. Be6 Kf8 36. Bxf7 Kxf7 37. Rc4 Nxd5 38. Rxe4 Nf6 39. Rc4 d5 40. Rc2 c4 41. Ra1 Ne4 42. Kg2 Ke6 43. Kf3 Kd6 44. Rb2 Kc6 45. Rb5 Ra7 46. Rb4 Kc5 47. Rb5+ Kc6 48. Rb4 Nd6 49. a5 Kc5 50. Rb8 d4 51. a6 c3 52. Ke2 Re7+ 53. Kd1 Kc4 54. a7 Kd3 55. Rb3 Ne4 56. Ra2 Nf2+ 57. Rxf2 Rxa7 58. Rf3+ Ke4 59. Rg3 Kxf4 60. Rg4+ Ke3 61. Rb8 Ra1+ 62. Kc2 d3+ 63. Kxc3 Rc1+ 64. Kb2 d2 65. Re8+ Kf3 66. Rf8+ Ke3 67. Re8+ Kf3 68. Rf8+ 1/2-1/2

[Event "Suwalki Warakomska Memorial 8th"]
[Site "Suwalki"]
[Date "2024.07.25"]
[Round "9"]
[White "Polok, Kacper"]
[Black "Dahale, Atul"]
[Result "1/2-1/2"]
[WhiteElo "2247"]
[BlackElo "2169"]
[PlyCount "26"]
[EventDate "2024.07.18"]
[EventType "swiss"]
[EventRounds "9"]
[EventCountry "POL"]
[SourceTitle "EXT 2025"]
[Source "ChessBase"]
[SourceDate "2024.10.14"]
[SourceVersion "1"]
[SourceVersionDate "2024.10.14"]
[SourceQuality "1"]

1. e4 e5 2. Nf3 Nc6 3. Bb5 a6 4. Ba4 Nf6 5. Qe2 b5 6. Bb3 Bc5 7. a4 Rb8 8. d3 h6 9. axb5 axb5 10. Be3 Bxe3 11. Qxe3 0-0 12. 0-0 d6 13. Nc3 Re8 1/2-1/2

[Event "Suwalki Warakomska Memorial 8th"]
[Site "Suwalki"]
[Date "2024.07.18"]
[Round "1"]
[White "Dahale, Atul"]
[Black "Petrovskiy, Vadim"]
[Result "0-1"]
[WhiteElo "2169"]
[BlackElo "2431"]
[PlyCount "58"]
[EventDate "2024.07.18"]
[EventType "swiss"]
[EventRounds "9"]
[EventCountry "POL"]
[SourceTitle "EXT 2025"]
[Source "ChessBase"]
[SourceDate "2024.10.14"]
[SourceVersion "1"]
[SourceVersionDate "2024.10.14"]
[SourceQuality "1"]

1. d4 Nf6 2. c4 e6 3. Nc3 Bb4 4. e3 0-0 5. Bd3 Re8 6. Nf3 d6 7. 0-0 Bxc3 8. bxc3 Nc6 9. e4 e5 10. d5 Ne7 11. c5 dxc5 12. Nxe5 Nexd5 13. exd5 Rxe5 14. c4 Bg4 15. f3 Bh5 16. g4 Bg6 17. f4 Bxd3 18. Qxd3 Re8 19. g5 Ne4 20. Bb2 Qd7 21. h3 Re7 22. f5 Nxg5 23. Bxg7 Qd6 24. f6 Re5 25. h4 Re4 26. hxg5 Rg4+ 27. Kf2 Qh2+ 28. Ke1 Re8+ 29. Kd1 Rd4 0-1

[Event "Warsaw Najdorf Memorial op-A"]
[Site "Warsaw"]
[Date "2024.07.13"]
[Round "5"]
[White "Dahale, Atul"]
[Black "Gbiorczyk, Mikolaj1"]
[Result "1-0"]
[WhiteElo "2169"]
[BlackElo "2034"]
[PlyCount "55"]
[EventDate "2024.07.09"]
[EventType "swiss"]
[EventRounds "9"]
[EventCountry "POL"]
[SourceTitle "EXT 2025"]
[Source "ChessBase"]
[SourceDate "2024.10.14"]
[SourceVersion "1"]
[SourceVersionDate "2024.10.14"]
[SourceQuality "1"]

1. d4 Nf6 2. c4 g6 3. Nc3 Bg7 4. e4 d6 5. Be2 0-0 6. Be3 Nc6 7. d5 Ne5 8. h3 e6 9. Nf3 Nxf3+ 10. Bxf3 Ne8 11. Qd2 c5 12. Rd1 e5 13. g4 f5 14. gxf5 gxf5 15. Bg5 Qd7 16. Rg1 Kh8 17. Qe2 a6 18. exf5 Qxf5 19. Be4 Qf7 20. Rd3 Nf6 21. Rf3 Bd7 22. Bxh7 Kxh7 23. Ne4 Qe7 24. Nxf6+ Rxf6 25. Qe4+ Rf5 26. Rxf5 Bxf5 27. Qxf5+ Kh8 28. Qg6 1-0

[Event "Barcelona Sant Marti op-A 23rd"]
[Site "Barcelona"]
[Date "2023.07.18"]
[Round "6"]
[White "Berdayes Ason, Dylan Isidro"]
[Black "Dahale, Atul"]
[Result "1/2-1/2"]
[WhiteElo "2509"]
[BlackElo "2150"]
[PlyCount "92"]
[EventDate "2023.07.13"]
[EventType "swiss"]
[EventRounds "9"]
[EventCountry "ESP"]
[SourceTitle "CBM 215 Extra"]
[Source "ChessBase"]
[SourceDate "2023.09.30"]
[SourceVersion "1"]
[SourceVersionDate "2023.09.30"]
[SourceQuality "1"]

1. d4 Nf6 2. c4 g6 3. Nc3 Bg7 4. e4 d6 5. h3 0-0 6. Be3 e5 7. d5 a5 8. g4 Na6 9. Nge2 c6 10. Ng3 Nc5 11. Be2 cxd5 12. cxd5 a4 13. Qd2 Qa5 14. g5 Nfd7 15. Nb5 Qb6 16. Rc1 f5 17. gxf6 Rxf6 18. h4 Bf8 19. h5 Qa5 20. Qxa5 Rxa5 21. b4 axb3 22. axb3 Ra8 23. b4 Nb3 24. Rb1 Nd4 25. Nxd4 exd4 26. Bxd4 Ne5 27. hxg6 hxg6 28. Kf1 Bg7 29. Kg2 Rf7 30. Ra1 Rxa1 31. Rxa1 Nd3 32. Bxg7 Rxf2+ 33. Kg1 Bh3 34. Bxd3 Rg2+ 35. Kh1 Rxg3 36. Bh6 Rxd3 37. Ra8+ Kh7 38. Bf4 Bg4 39. Re8 Bf3+ 40. Kh2 Rd4 41. Bxd6 Rxe4 42. Be5 g5 43. d6 Re2+ 44. Kg3 Bc6 45. Re6 Rg2+ 46. Kh3 Bd7 1/2-1/2

[Event "Roquetas de Mar op 34th"]
[Site "Roquetas de Mar"]
[Date "2023.01.05"]
[Round "4"]
[White "Dahale, Atul"]
[Black "Martinez Reyes, Pedro Ramon"]
[Result "0-1"]
[WhiteElo "2186"]
[BlackElo "2389"]
[PlyCount "40"]
[EventDate "2023.01.03"]
[EventType "swiss"]
[EventRounds "9"]
[EventCountry "ESP"]
[SourceTitle "CBM 212 Extra"]
[Source "ChessBase"]
[SourceDate "2023.03.31"]
[SourceVersion "1"]
[SourceVersionDate "2023.03.31"]
[SourceQuality "1"]

1. d4 d5 2. Nc3 Nf6 3. Bf4 a6 4. e3 e6 5. Nf3 c5 6. Be2 Nc6 7. 0-0 b5 8. Ne5 Bb7 9. g4 Be7 10. Bf3 0-0 11. g5 Nxe5 12. dxe5 Nd7 13. h4 Qc7 14. Nxd5 exd5 15. e6 Ne5 16. exf7+ Kh8 17. Bxd5 Rad8 18. e4 Bxd5 19. exd5 Bd6 20. Re1 Qxf7 0-1

[Event "Lorca Christmas op"]
[Site "Lorca"]
[Date "2022.12.28"]
[Round "4"]
[White "Dahale, Atul"]
[Black "Materia, Marco"]
[Result "0-1"]
[WhiteElo "2222"]
[BlackElo "2396"]
[PlyCount "68"]
[EventDate "2022.12.26"]
[EventType "swiss"]
[EventRounds "9"]
[EventCountry "ESP"]
[SourceTitle "CBM 211 Extra"]
[Source "ChessBase"]
[SourceDate "2023.01.31"]
[SourceVersion "1"]
[SourceVersionDate "2023.01.31"]
[SourceQuality "1"]

1. d4 Nf6 2. c4 e6 3. Nc3 Bb4 4. f3 d5 5. a3 Be7 6. e4 dxe4 7. fxe4 c5 8. d5 exd5 9. exd5 0-0 10. Nf3 Bd6 11. Be2 Bg4 12. 0-0 Nbd7 13. Bg5 Re8 14. Qc2 h6 15. Bh4 a6 16. h3 Bxf3 17. Rxf3 Be5 18. Raf1 Qb6 19. Bd3 Bd4+ 20. Kh1 Re3 21. Rxe3 Bxe3 22. Ne2 Re8 23. Be1 Ne5 24. Bf2 Bd4 25. Bxd4 cxd4 26. b4 Nh5 27. Kg1 a5 28. Rf5 g6 29. Rf2 axb4 30. c5 b3 31. cxb6 bxc2 32. Bxc2 d3 33. Ba4 Nf3+ 34. Kf1 Ng3+ 0-1

[Event "Lorca Christmas op"]
[Site "Lorca"]
[Date "2022.12.27"]
[Round "3"]
[White "Ceres, Dragos"]
[Black "Dahale, Atul"]
[Result "1-0"]
[WhiteElo "2412"]
[BlackElo "2222"]
[PlyCount "93"]
[EventDate "2022.12.26"]
[EventType "swiss"]
[EventRounds "9"]
[EventCountry "ESP"]
[SourceTitle "CBM 211 Extra"]
[Source "ChessBase"]
[SourceDate "2023.01.31"]
[SourceVersion "1"]
[SourceVersionDate "2023.01.31"]
[SourceQuality "1"]

1. e4 e5 2. Nf3 Nc6 3. Bb5 a6 4. Ba4 Nge7 5. c3 d6 6. 0-0 Bd7 7. d4 Ng6 8. Be3 Be7 9. d5 Nb8 10. Bxd7+ Nxd7 11. c4 0-0 12. Nc3 a5 13. Qc2 Nc5 14. a3 Qd7 15. b4 axb4 16. axb4 Na6 17. Ra4 Nf4 18. Bxf4 exf4 19. Ne2 g5 20. Nfd4 Bf6 21. c5 dxc5 22. bxc5 Qe7 23. Rc4 Rae8 24. Nf5 Qe5 25. Nc1 Qb2 26. Qxb2 Bxb2 27. Nd3 Bg7 28. h4 h6 29. Rb1 Rb8 30. Kh2 Rfe8 31. Kh3 Bf8 32. hxg5 hxg5 33. Kg4 f6 34. g3 fxg3 35. Nxg3 Kf7 36. Ra1 Ra8 37. Rca4 Rab8 38. Ra5 Red8 39. Rb1 c6 40. d6 Ke6 41. Nf5 Kf7 42. Rb6 Re8 43. f3 Kg6 44. Ra2 Red8 45. Rab2 Nxc5 46. Nxc5 Bxd6 47. Rxb7 1-0

[Event "Sitges Sunway op 9th"]
[Site "Sitges"]
[Date "2022.12.17"]
[Round "6"]
[White "Nandhidhaa, PV."]
[Black "Dahale, Atul"]
[Result "1-0"]
[WhiteElo "2358"]
[BlackElo "2222"]
[PlyCount "125"]
[EventDate "2022.12.12"]
[EventType "swiss"]
[EventRounds "10"]
[EventCountry "ESP"]
[SourceTitle "CBM 211 Extra"]
[Source "ChessBase"]
[SourceDate "2023.01.31"]
[SourceVersion "1"]
[SourceVersionDate "2023.01.31"]
[SourceQuality "1"]

1. e4 e5 2. Nf3 Nc6 3. Bb5 a6 4. Ba4 Nf6 5. d3 b5 6. Bb3 Be7 7. 0-0 0-0 8. Re1 d6 9. c3 Bg4 10. h3 Bh5 11. Nbd2 Na5 12. Bc2 c5 13. Nf1 Nc6 14. Ng3 Bg6 15. Nh4 h6 16. Nhf5 Nh7 17. Qg4 Bg5 18. Bxg5 hxg5 19. Bb3 Bxf5 20. Nxf5 g6 21. Ne3 Kg7 22. Bd5 Rc8 23. Bxc6 Rxc6 24. Nd5 Qc8 25. Qg3 Qe6 26. a4 Rb8 27. axb5 Rxb5 28. Ra2 Nf6 29. Qxg5 c4 30. dxc4 Rxc4 31. Qxf6+ Qxf6 32. Nxf6 Kxf6 33. Rxa6 Rxb2 34. Rxd6+ Ke7 35. Rd3 Rc2 36. Ree3 Ke6 37. h4 f5 38. exf5+ gxf5 39. h5 f4 40. Rh3 e4 41. Rd4 R4xc3 42. Rxe4+ Kf5 43. Rxc3 Rxc3 44. Ra4 Rc6 45. Ra5+ Kg4 46. f3+ Kh4 47. Rf5 Ra6 48. Rxf4+ Kxh5 49. Kh2 Kg5 50. Rb4 Ra2 51. Kh3 Ra1 52. f4+ Kf5 53. g4+ Kg6 54. Rb6+ Kf7 55. Kh4 Ra4 56. Kg5 Rc4 57. f5 Ra4 58. Rb7+ Kf8 59. Kh5 Rf4 60. Rb5 Kg7 61. g5 Ra4 62. Rb6 Kg8 63. Kg6 1-0

[Event "Titled Tuesday intern op 25th Oct Early"]
[Site "Chess.com INT"]
[Date "2022.10.25"]
[Round "1"]
[White "Vlassov, Nikolai"]
[Black "Dahale, Atul"]
[Result "1-0"]
[WhiteElo "2283"]
[BlackElo "2222"]
[PlyCount "115"]
[EventDate "2022.10.25"]
[EventType "swiss (blitz)"]
[EventRounds "11"]
[EventCountry "USA"]
[SourceTitle "EXT 2024"]
[Source "ChessBase"]
[SourceDate "2023.10.10"]
[SourceVersion "1"]
[SourceVersionDate "2023.10.10"]
[SourceQuality "1"]

1. e4 d6 2. f4 g6 3. Nc3 Bg7 4. Nf3 Nf6 5. e5 Nfd7 6. e6 fxe6 7. Bc4 Nb6 8. Bb3 c5 9. d3 0-0 10. h4 d5 11. Qe2 Nc6 12. h5 c4 13. dxc4 dxc4 14. Bxc4 Nxc4 15. Qxc4 Nd4 16. Nxd4 Qxd4 17. Qxd4 Bxd4 18. hxg6 Bxc3+ 19. bxc3 hxg6 20. Ba3 Rxf4 21. 0-0-0 Rf8 22. Bxe7 Re8 23. Bf6 e5 24. Rh8+ Kf7 25. Rxe8 Kxe8 26. Rd8+ Kf7 27. Bxe5 b6 28. Bf4 Ke7 29. Bg5+ Ke6 30. Rf8 Bb7 31. Rf6+ Kd7 32. Rf7+ Kc6 33. Rg7 Re8 34. Rxg6+ Kb5 35. g4 Bf3 36. Bf6 Re1+ 37. Kb2 Rg1 38. g5 Be4 39. Rg7 a5 40. Rc7 Rg2 41. c4+ Ka4 42. Kc3 Rxc2+ 43. Kd4 Bf5 44. Rc6 b5 45. c5 Rxa2 46. Ke5 Bd3 47. Rd6 Re2+ 48. Kf4 Bc2 49. c6 Re4+ 50. Kf3 Rc4 51. Rd4 Kb3 52. Rxc4 bxc4 53. c7 Bf5 54. g6 c3 55. g7 c2 56. g8Q+ Kb4 57. Qb8+ Kc4 58. c8Q+ 1-0

[Event "Titled Tuesday intern op 27th Sep Early"]
[Site "Chess.com INT"]
[Date "2022.09.27"]
[Round "6"]
[White "Baches Garcia, Guillermo"]
[Black "Dahale, Atul"]
[Result "1-0"]
[WhiteElo "2326"]
[BlackElo "2222"]
[PlyCount "85"]
[EventDate "2022.09.27"]
[EventType "swiss (blitz)"]
[EventRounds "11"]
[EventCountry "USA"]
[SourceTitle "CBM 210 Extra"]
[Source "ChessBase"]
[SourceDate "2022.11.30"]
[SourceVersion "1"]
[SourceVersionDate "2022.11.30"]
[SourceQuality "1"]

1. e4 d6 2. d4 Nf6 3. f3 g6 4. Be3 Bg7 5. Qd2 0-0 6. g4 e5 7. Ne2 exd4 8. Nxd4 c5 9. Nb3 Bxg4 10. Be2 Be6 11. Nc3 d5 12. Nxc5 dxe4 13. Qxd8 Rxd8 14. Nxe6 fxe6 15. fxe4 Nc6 16. 0-0 Ne5 17. Rad1 Nfg4 18. Rxd8+ Rxd8 19. Bxa7 Rd2 20. h3 Nf6 21. Bd1 Nc6 22. Be3 Rd7 23. Be2 Ne5 24. Rd1 Rxd1+ 25. Bxd1 Kf7 26. Be2 Nfd7 27. Kf2 Ke7 28. Bd3 Bf6 29. Ke2 Bh4 30. Nb5 h5 31. Nd4 g5 32. Nf3 Nxf3 33. Kxf3 Ne5+ 34. Kg2 g4 35. hxg4 hxg4 36. Be2 Bf6 37. Bf4 Nc6 38. c3 e5 39. Be3 Na5 40. Kg3 Kd6 41. Kxg4 Kc6 42. Kf5 Bg7 43. b4 1-0

[Event "Titled Tuesday intern op 27th Sep Early"]
[Site "Chess.com INT"]
[Date "2022.09.27"]
[Round "3"]
[White "Marn, Jan"]
[Black "Dahale, Atul"]
[Result "0-1"]
[WhiteElo "2307"]
[BlackElo "2222"]
[PlyCount "62"]
[EventDate "2022.09.27"]
[EventType "swiss (blitz)"]
[EventRounds "11"]
[EventCountry "USA"]
[SourceTitle "CBM 210 Extra"]
[Source "ChessBase"]
[SourceDate "2022.11.30"]
[SourceVersion "1"]
[SourceVersionDate "2022.11.30"]
[SourceQuality "1"]

1. d4 Nf6 2. Nf3 d6 3. Bg5 Nbd7 4. Nbd2 g6 5. e3 Bg7 6. Bd3 0-0 7. 0-0 e5 8. dxe5 dxe5 9. Ne4 Qe8 10. Bxf6 Nxf6 11. Nxf6+ Bxf6 12. e4 Bg4 13. h3 Bxf3 14. Qxf3 Bg7 15. Bc4 Kh8 16. Rfd1 c6 17. Rd6 f5 18. Rad1 fxe4 19. Qxe4 Rf4 20. Qe2 e4 21. Rd7 b5 22. Bb3 Qe5 23. a4 Raf8 24. Rd8 Qc5 25. Rxf8+ Rxf8 26. c3 b4 27. Qxe4 Qxf2+ 28. Kh1 bxc3 29. bxc3 Bxc3 30. Qxc6 Be5 31. Qc5 Qxc5 0-1

[Event "Titled Tuesday intern op 13th Sep Early"]
[Site "Chess.com INT"]
[Date "2022.09.13"]
[Round "5"]
[White "Buscar, Michael"]
[Black "Dahale, Atul"]
[Result "1-0"]
[WhiteElo "2041"]
[BlackElo "2222"]
[PlyCount "113"]
[EventDate "2022.09.13"]
[EventType "swiss (blitz)"]
[EventRounds "11"]
[EventCountry "USA"]
[SourceTitle "EXT 2023"]
[Source "ChessBase"]
[SourceDate "2022.10.05"]
[SourceVersion "1"]
[SourceVersionDate "2022.10.05"]
[SourceQuality "1"]

1. Nf3 Nf6 2. g3 d5 3. b3 c6 4. Bb2 g6 5. Bg2 Bg7 6. 0-0 0-0 7. c4 e6 8. d4 Nbd7 9. Nbd2 Ne4 10. Ne5 f5 11. Qc2 Nxd2 12. Qxd2 dxc4 13. Nxc4 Nf6 14. Rad1 Nd5 15. Ba3 Rf7 16. Nd6 Rd7 17. Nxc8 Rxc8 18. e4 Nc7 19. exf5 Rxd4 20. Qe2 exf5 21. Bb2 Rxd1 22. Rxd1 Qe8 23. Qc4+ Qe6 24. Bxg7 Qxc4 25. bxc4 Kxg7 26. Rd7+ Kg8 27. h3 a5 28. g4 fxg4 29. hxg4 Ne6 30. Rxb7 Nd4 31. Rd7 c5 32. Bd5+ Kh8 33. Kg2 Rb8 34. Kg3 Rb2 35. g5 h5 36. gxh6 Nf5+ 37. Kg4 Nxh6+ 38. Kg5 Nf5 39. Kxg6 Nh4+ 40. Kh6 Nf5+ 41. Kg5 Rxf2 42. Rc7 Ne3 43. Be6 Rg2+ 44. Kh6 Rh2+ 45. Kg6 Rg2+ 46. Kf6 Rf2+ 47. Ke5 Re2 48. Kf6 Rf2+ 49. Ke7 Re2 50. Rxc5 Kg7 51. Rxa5 Nxc4 52. Rg5+ Kh6 53. Rc5 Ne5 54. Kf6 Ng6 55. Rc8 Rf2+ 56. Bf5 Rf4 57. Rg8 1-0